LIBRARY & INFORMATION CENTRE, KCAET, TAVANUR

ONLINE PUBLIC ACCESS CATALOGUE (OPAC)

Hydraulics and field performance of a novel micro sprinkler (Record no. 15148)

MARC details
000 -LEADER
fixed length control field 00646nam a22001817a 4500
003 - CONTROL NUMBER IDENTIFIER
control field OSt
088 ## - REPORT NUMBER
Report number T 255
100 ## - MAIN ENTRY--AUTHOR NAME
Personal name SOUMYA RANI T
245 ## - TITLE STATEMENT
Title Hydraulics and field performance of a novel micro sprinkler
260 ## - PUBLICATION, DISTRIBUTION, ETC. (IMPRINT)
Place of publication Tavanur 2012
Name of publisher Kelappaji College of Agricultural Engineering and Technology
300 ## - PHYSICAL DESCRIPTION
Number of Pages 115
500 ## - GENERAL NOTE
General note Hydraulics and field performance of a novel micro sprinkler
520 ## - SUMMARY, ETC.
Summary, etc Hydraulics and field performance of a novel micro sprinkler
700 ## - ADDED ENTRY--PERSONAL NAME
Personal name Dr. Sathian K. K (Guide)
856 ## - ELECTRONIC LOCATION AND ACCESS
Uniform Resource Identifier https://drive.google.com/open?id=1EfCviclVT8wsB0ij2vK0ZF2VVhdasyfH
942 ## - ADDED ENTRY ELEMENTS (KOHA)
Koha item type Theses
Holdings
Collection code Home library Current library Shelving location Full call number Accession Number Koha item type Public note
Reference KAUAET KAUAET Reference 631.7 SOU/HY T 255 Theses M.Tech Thesis
free website counter